000 01055cam a2200301 4500
008 090401t1997 xxu||||| |||| 00| 0 eng d
020 _a1860811329
035 _a(Sirsi) u78221
041 _aeng
050 _a694.01
245 _aTimber in construction : challenges for the future : proceedings of a joint Building Research Establishment / TRADA Technology Ltd seminar, 18 September 1996, BRE, Garston, Watford.
260 _aGarston, Watford
_bBuilding Research Establishment
_c1997
300 _aca.200p. ; 30cm.
350 _a25
490 _aBR
_v323
520 _aConference papers presented at the proceedings of the BRE 75th aniversary seminar.
650 _aTIMBER CONSTRUCTION
650 _aTIMBER
650 _aWOOD
690 _aBUILT ENVIRONMENT-BUILDING MATERIALS
700 _aBravery, Tony
_xEditor
700 _aGrant, Colin
_xEditor
710 _aBuilding Research Establishment
710 _aTimber Research and Development Association
710 _aTimber Technology
_93490
942 _n0
948 _c08/05/1997
999 _c96408
_d96408